000
00253nam a22001097a 4500
082
_a
530.44 BOL'P
100
_a
BOLEY, F. I
_9
80507
245
_a
PLASMAS LABORATORY AND COSMIC
260
_a
LONDON
_b
D. VAN NOSTRAND
_c
1966
300
_a
154P
942
_c
BK
999
_c
585432
_d
585432